Aspects of agriculture in India 1975 (Record no. 23791)

MARC details
000 -LEADER
fixed length control field 00342nam a2200133Ia 4500
082 ## - DEWEY DECIMAL CLASSIFICATION NUMBER
Classification number 631(540)
Item number MIR
245 #0 - TITLE STATEMENT
Title Aspects of agriculture in India 1975
260 ## - PUBLICATION, DISTRIBUTION, ETC. (IMPRINT)
Place of publication Bombay
Name of publisher Allied
650 ## - SUBJECT ADDED ENTRY--TOPICAL TERM
Topical Term Indian agriculture
650 ## - SUBJECT ADDED ENTRY--TOPICAL TERM
Topical Term Plantation crops
700 ## - ADDED ENTRY--PERSONAL NAME
Personal name MIRCHANDANI, G G
942 ## - ADDED ENTRY ELEMENTS (KOHA)
Koha item type Books
Holdings
Withdrawn status Lost status Damaged status Not for loan Home library Current library Date acquired Full call number Accession Number Koha item type
        RRII Library RRII Library 16/12/2021 631(540) MIR 04486 Books